Mastering CAD/CAM (Record no. 71521)
[ view plain ]
| 000 -LEADER | |
|---|---|
| fixed length control field | 00646nam a22002057a 4500 |
| 003 - CONTROL NUMBER IDENTIFIER | |
| control field | NUST - PNEC |
| 005 - DATE AND TIME OF LATEST TRANSACTION | |
| control field | 20170116181203.0 |
| 008 - FIXED-LENGTH DATA ELEMENTS--GENERAL INFORMATION | |
| fixed length control field | 160218b xxu||||| |||| 00| 0 eng d |
| 020 ## - INTERNATIONAL STANDARD BOOK NUMBER | |
| International Standard Book Number | 9780070634343 |
| 040 ## - CATALOGING SOURCE | |
| Transcribing agency | LIBRARY |
| 082 ## - DEWEY DECIMAL CLASSIFICATION NUMBER | |
| Classification number | 670.285 ZEI |
| 100 ## - MAIN ENTRY--PERSONAL NAME | |
| 9 (RLIN) | 16523 |
| Personal name | Zeid, Ibrahim |
| 245 ## - TITLE STATEMENT | |
| Title | Mastering CAD/CAM |
| Statement of responsibility, etc. | Ibrahim Zeid |
| 250 ## - EDITION STATEMENT | |
| Edition statement | - |
| 260 ## - PUBLICATION, DISTRIBUTION, ETC. | |
| Place of publication, distribution, etc. | Delhi |
| Name of publisher, distributor, etc. | McGraw Hill Education |
| Date of publication, distribution, etc. | c.2005 |
| 300 ## - PHYSICAL DESCRIPTION | |
| Extent | 932 pages |
| 650 ## - SUBJECT ADDED ENTRY--TOPICAL TERM | |
| 9 (RLIN) | 16524 |
| Topical term or geographic name entry element | CAD/CAM systems |
| General subdivision | ME, IME |
| 856 ## - ELECTRONIC LOCATION AND ACCESS | |
| Uniform Resource Identifier | <a href="http://www.amazon.com/Mastering-CAD-CAM-Special-Indian/dp/0070634343/ref=sr_1_1?ie=UTF8&qid=1455783287&sr=8-1&keywords=9780070634343">http://www.amazon.com/Mastering-CAD-CAM-Special-Indian/dp/0070634343/ref=sr_1_1?ie=UTF8&qid=1455783287&sr=8-1&keywords=9780070634343</a> |
| 942 ## - ADDED ENTRY ELEMENTS (KOHA) | |
| Source of classification or shelving scheme | |
| Koha item type | Book |
| Withdrawn status | Lost status | Source of classification or shelving scheme | Materials specified (bound volume or other part) | Damaged status | Not for loan | Permanent Location | Current Location | Shelving location | Date acquired | Source of acquisition | Cost, normal purchase price | Total Checkouts | Full call number | Barcode | Date last seen | Date last checked out | Cost, replacement price | Price effective from | Koha item type |
|---|---|---|---|---|---|---|---|---|---|---|---|---|---|---|---|---|---|---|---|
| paperback | Pakistan Navy Engineering College (PNEC) | Pakistan Navy Engineering College (PNEC) | 12/09/2015 | Wisdom Book Company / Lib Grant | 1462.00 | 1 | 670.285 ZEI | PNECLIB-032500 | 02/19/2016 | 02/19/2016 | 1462.00 | 12/09/2015 | Book |
